A nem uniós polgárok családegyesítési eljárásának új irányai az Európai Unióban

For the past 20 years, family reunification has been one of the main reasons for immigration into the EU. It is an entry channel enabling those who already reside legally in a Member State to be joined by their family members. Family reunification helps to create sociocultural stability, facilitatin...

Teljes leírás

Elmentve itt :
Bibliográfiai részletek
Szerző: Schiffner Imola
Testületi szerző: Eljárásjogi reformok (2015) (Szeged)
Dokumentumtípus: Könyv része
Megjelent: 2016
Sorozat:Szegedi Jogász Doktorandusz Konferenciák 7
Eljárásjogi reformok 7
Kulcsszavak:Családjog - Európai Unió, Családegyesítési eljárás, Polgári eljárásjog - Európai Unió
Tárgyszavak:
Online Access:http://acta.bibl.u-szeged.hu/74969
LEADER 02607naa a2200265 i 4500
001 acta74969
005 20231205112513.0
008 220326s2016 hu o 1|| hun d
020 |a 978-963-306-539-6 
022 |a 2063-3807 
040 |a SZTE Egyetemi Kiadványok Repozitórium  |b hun 
041 |a hun 
041 |a eng 
100 1 |a Schiffner Imola 
245 1 2 |a A nem uniós polgárok családegyesítési eljárásának új irányai az Európai Unióban  |h [elektronikus dokumentum] /  |c  Schiffner Imola 
260 |c 2016 
300 |a 87-102 
490 0 |a Szegedi Jogász Doktorandusz Konferenciák  |v 7 
490 0 |a Eljárásjogi reformok  |v 7 
520 3 |a For the past 20 years, family reunification has been one of the main reasons for immigration into the EU. It is an entry channel enabling those who already reside legally in a Member State to be joined by their family members. Family reunification helps to create sociocultural stability, facilitating the integration of third-country nationals residing in EU Member States, thus promoting economic and social cohesion – a fundamental EU objective. The Directive on the right to family reunification establishes common rules for exercising the right to family reunification in the Member States. It determines the conditions under which family reunification is granted, establishes procedural guarantees and provides rights for the family members concerned. The European Court of Justice has underlined that Member States must apply the rules of the Directive in a manner consistent with the protection of fundamental rights, notably regarding the respect for family life and the principle of the best interests of the child. But the first report on the implementation of the Directive has shown a relatively low impact, partly due to the high degree of discretion given to Member States when setting the admission conditions. In 2011-2012, a broad public consultation on family reunification took place. As a result, in April 2014, the Commission adopted a Communication on guidance for application of Directive 2003/86/EC on the right to family reunification. It advises Member States in their implementation of the Directive in order to achieve a more consistent policy and practice across the EU. 
650 4 |a Társadalomtudományok 
650 4 |a Jogtudomány 
695 |a Családjog - Európai Unió, Családegyesítési eljárás, Polgári eljárásjog - Európai Unió 
710 |a Eljárásjogi reformok (2015) (Szeged) 
856 4 0 |u http://acta.bibl.u-szeged.hu/74969/1/szegedi_jogasz_doktorandusz_konf_007_087-102.pdf  |z Dokumentum-elérés